| 000 | 00548cam a2200193ua 4500 | ||
|---|---|---|---|
| 020 |
_a81-204-0517-X _c160.00 |
||
| 041 |
_aeng _h |
||
| 082 |
_a631.587 _bGUP/US |
||
| 100 | _aGupta , I C . | ||
| 245 |
_aUse of saline water in agriculture: A study of arid and semi-arid zones of India / _cI C Gupta. _hTextual Documents |
||
| 250 |
_a1 / _b. |
||
| 260 |
_aNew Delhi : _bOxford & IBH Publishing company , _c1990. |
||
| 300 | _a308 ; . | ||
| 365 | _a160.00 | ||
| 504 | _a | ||
| 942 | _cBK | ||
| 999 |
_c9977 _d9977 |
||